• 首页
  • 本馆介绍
  • 公告通知
  • 最新文献
  • 馆藏检索
  • 电子资源
  • 读者导购
  • 参考咨询
  • 我的图书馆
  • 登录
  • 详细信息显示
  • 放入我的书架
  • 预约/预借图书
  • 作者相关作品
  • 分类相关作品
  • 丛书相关作品
  • 出版社相关作品

书目信息

  • 表格格式
  • 工作单格式
  • 卡片格式
题名:
美国地理见闻
    
 
作者: 姚士谋 著
分册:  
出版信息: 北京   商务印书馆  1982.03
页数: 156页
开本: 19cm
丛书名:
单 册:
中图分类: K971.2
科图分类:
主题词: 地理--美国
电子资源:
ISBN:
000 00511nam0 2200193 45
001 0405131635
005 20060720103405.89
010    @dCNY0.55
091    @a12017.269
100    @a20040513d1982 km y0chiy0120 ea
101 0  @achi
200 1  @a美国地理见闻@AMei Guo Di Li Jian Wen@f姚士谋等著@FYao Shi Mou Deng Zhu
210    @a北京@c商务印书馆@d1982.03
215    @a156页@d19cm
606 0  @a地理@y美国
690    @aK971.2@v3
701  0 @a姚士谋@4著
801    @aCN@bTSTCL@c20060720
905    @dK971.2@e5@b88057@f1
    
    美国地理见闻/姚士谋等著.-北京:商务印书馆,1982.03
    156页;19cm
    
    
    ISBN :CNY0.55
    
●
相关链接 在E读中查询图书 在五车中查询图书 在当当中查询图书 在豆瓣中查询图书


正题名:美国地理见闻     索取号:K971.2/5         预约/预借

序号 登录号 条形码 馆藏地/架位号 状态 备注
1 0088057   002001176   密集书库/ [索取号:K971.2/5] 在馆    
2 0088058   000083705   密集书库/ [索取号:K971.2/5] 在馆    
3 0088059   202091173   第二样本阅览室/ [索取号:K971.2/5] 在馆    
4 0218299   000083714   密集书库/ [索取号:K971.2/5] 在馆    
5 0218300   000083260   密集书库/ [索取号:K971.2/5] 在馆    
6 0218301   000083698   密集书库/ [索取号:K971.2/5] 在馆    
7 0435346   204353467   密集书库/ [索取号:K971.2/5] 在馆    
8 0435347   204353476   密集书库/ [索取号:K971.2/5] 在馆    
唐山师范学院图书馆 欢迎您!
大连网信软件有限公司© 版权所有